Pinturas recientes de Orlando Vallejo en el Museo de Arte Contemporáneo de Caguas (Record no. 874)

MARC details
000 - LÍDER
campo de control de longitud fija 01000nam a2200217Ia 4500
008 - ELEMENTOS DE DATOS DE LONGITUD FIJA - INFORMACIÓN GENERAL
campo de control de longitud fija 0000002000 pr a 0000000000spa00
090 ## - NÚMERO DE LLAMADA DE TIPO LC LOCALMENTE ASIGNADO (OCLC)
Número de clasificación (OCLC) (R) PPR00 V14p
100 1# - ENTRADA PRINCIPAL - NOMBRE PERSONAL
Nombre de la persona Vallejo, Orlando
Fechas asociadas a un nombre 1955
245 10 - TÍTULO DECLARACIÓN
Título Pinturas recientes de Orlando Vallejo en el Museo de Arte Contemporáneo de Caguas
Declaración de responsabilidad / fotografías Ricardo Guerra ; traducciones José A. Peláez
264 ## - AVISO DE PRODUCCIÓN, PUBLICACIÓN, DISTRIBUCIÓN, FABRICACIÓN Y DERECHOS DE AUTOR
Lugar de producción Caguas (Puerto Rico) : Museo de Arte Contemporáneo de Caguas
260 ## - PUBLICACIÓN, DISTRIBUCIÓN
Fecha de publicación 2000
300 ## - DESCRIPCIÓN FÍSICA
Alcance [16] p.
Dimensiones / 25 cm.
500 ## - NOTA GENERAL
Nota general Exposición realizada en el Museo de Arte Contemporáneo de Caguas (Puerto Rico), Noviembre 4 1999 Enero 10, 2000 \ Con el patronazgo del maestro venezolano Jesús Rafael Soto (q.e.p.d.)
600 00 - ENTRADA DE SUJETO AÑADIDO - NOMBRE PERSONAL
Nombre de la persona VALLEJO, ORLANDO, 1955 /
Subdivisión general TRABAJOS PICTORICOS
650 14 - ENTRADA DE SUJETO AÑADIDO - TÉRMINO TÓPICO
Término tópico o elemento de entrada del nombre geográfico PINTURA PUERTORRIQUEÑA
650 14 - ENTRADA DE SUJETO AÑADIDO - TÉRMINO TÓPICO
Término tópico o elemento de entrada del nombre geográfico ARTE CONTEMPORANEO PUERTORRIQUEÑO
650 14 - ENTRADA DE SUJETO AÑADIDO - TÉRMINO TÓPICO
Subdivisión general CATALOGOS
650 14 - ENTRADA DE SUJETO AÑADIDO - TÉRMINO TÓPICO
Subdivisión general EXPOSICIONES
650 14 - ENTRADA DE SUJETO AÑADIDO - TÉRMINO TÓPICO
Término tópico o elemento de entrada del nombre geográfico PINTORES PUERTORRIQUEÑOS
700 1# - ENTRADA AGREGADA - NOMBRE PERSONAL
Nombre de la persona Guerra, Ricardo \ Peláez, José A., tr.
Holdings
Estado de retirada Pérdida de estatus Estado dañado No para préstamo Código de recogida Ubicación permanente Ubicación actual Ubicación de las estanterías Fecha de adquisición Número de llamada completo Código de barras Fecha de la última vez que se vio Número de copia Precio efectivo desde Tipo de artículo Koha
        General ArtNexus ArtNexus General 06/09/2022 P-PR-00 V14P 874 06/09/2022 Ej.1 06/09/2022 Libro

Powered by Koha